| 000 | 00857nam a22002297a 4500 | ||
|---|---|---|---|
| 005 | 20130624160425.0 | ||
| 008 | 130624b xxu||||| |||| 00| 0 eng d | ||
| 010 | _aB-524232 | ||
| 020 |
_a9788131754436 _c199.00 |
||
| 035 | _aB-524232 | ||
| 037 | _bUBH | ||
| 040 |
_aDPL _bEng |
||
| 082 | _a510 | ||
| 100 | _aSinha, Nishit K. | ||
| 245 |
_aDemystifying number system : _cby Nisht K. Sinha _bpractical concepts and their applications/ |
||
| 260 |
_aNew Delhi _bPearson Education _c2012 |
||
| 270 |
_aii, Community Centre, Punchsheel Park, _bNew Delhi _e110017 |
||
| 300 |
_avp.: _c24cm (pbk) |
||
| 500 | _aFor the CAT and other MBA Exams | ||
| 942 |
_2ddc _cEN _mSIN _h510 |
||
| 999 |
_c76926 _d76926 |
||